Cities to country - Statistics

General Stats
  • This quiz has been taken 42 times
  • The average score is 12 of 15
Answer Stats
City Country % Correct
Osaka Japan
100%
Cork Ireland
97%
Islamabad Pakistan
97%
The Hague the Netherlands
95%
Chongqing China
92%
Montevideo Uruguay
87%
Split Croatia
85%
Amman Jordan
85%
Ljubljana Slovenia
82%
Bishkek Kyrgyzstan
64%
Daejeon South Korea
62%
Aveiro Portugal
56%
St. George's Grenada
54%
Lilongwe Malawi
49%
Florianopolis Brazil
46%
No matching quizzes found
Score Distribution
Percent of People with Each Score
Percentile by Number Answered
Your Score History
You have not taken this quiz